000 00639nam a22002057a 4500
005 20230617033632.0
008 230123b |||||||| |||| 00| 0 eng d
020 _a978-1-11157685-1
082 _a620.22 As834 2014
100 _aAskelard, Donald R.
_eauthor
245 _aEssentials of materials science and engineering /
_cDonald R. Askelrd, Wendlin J. Wright
250 _a3rrd ed.
260 _aStanford, CT:
_bCengage Learning,
_cc2014.
300 _axviii, 678p.;
_bcol, ill.
504 _aIncludes index
541 _e5449
650 _aMaterials
650 _aEngineering materials
700 _aWright, Wendelin J.
_eauthor
999 _c610
_d610